[Event "Challenge"]
[Site "http://www.queenalice.com/game.php?id=1574578"]
[Date "2019.6.16"]
[Round "-"]
[White "jpribeiro"]
[Black "LouisLeRouge"]
[Result "0-1"]
[WhiteElo "2141"]
[BlackElo "2361"]

1. e4 c5 2. Nf3 e6 3. d4 cxd4 4. Nxd4 a6 5. Be3 Nf6 6. Nd2 d6 7. f4 e5 8. fxe5
dxe5 9. N4b3 Be7 10. h3 Be6 11. Bd3 O-O 12. Qe2 Nbd7 13. O-O-O Qc7 14. g4 b5 15.
g5 Ne8 16. h4 Nd6 17. Kb1 a5 18. Nc1 a4 19. h5 a3 20. Ka1 axb2+ 21. Kxb2 Nc4+
22. Bxc4 bxc4 23. c3 Rfb8+ 24. Kc2 Qc6 25. Rdg1 Qa4+ 0-1

[Event "Let's Play Chess!"]
[Site "http://www.queenalice.com/game.php?id=1603125"]
[Date "2020.3.19"]
[Round "-"]
[White "charles31"]
[Black "LouisLeRouge"]
[Result "0-1"]
[WhiteElo "1671"]
[BlackElo "2367"]

1. d4 Nf6 2. Nc3 e6 3. e4 d5 4. e5 Nfd7 5. Nh3 c5 6. Be3 Nc6 7. dxc5 Ndxe5 8.
Bb5 a6 9. Bxc6+ Nxc6 10. a3 d4 11. Bg5 f6 12. Bh4 dxc3 13. b4 Qxd1+ 14. Rxd1 Bd7
15. Rd3 e5 16. Rxc3 Bxh3 17. gxh3 O-O-O 18. O-O Nd4 19. f4 Ne2+ 0-1

[Event "Let's Play Chess!"]
[Site "http://www.queenalice.com/game.php?id=1603126"]
[Date "2020.3.19"]
[Round "-"]
[White "LouisLeRouge"]
[Black "charles31"]
[Result "1-0"]
[WhiteElo "2366"]
[BlackElo "1680"]

1. e4 e5 2. Nf3 d6 3. Bc4 h6 4. d4 exd4 5. Nxd4 a6 6. Bf4 Nf6 7. Nc3 Bd7 8. O-O
Nc6 9. Re1 Nxd4 10. Qxd4 Be7 11. e5 c5 12. Qe3 Ng4 13. Qe4 g6 14. exd6 1-0

[Event "Challenge"]
[Site "http://www.queenalice.com/game.php?id=1603705"]
[Date "2020.3.22"]
[Round "-"]
[White "Thibault"]
[Black "LouisLeRouge"]
[Result "0-1"]
[WhiteElo "1100"]
[BlackElo "2378"]

1. d4 Nf6 2. e4 Nxe4 3. f3 Nf6 4. Bb5 c6 5. Ba4 d5 6. Bg5 Nbd7 7. h4 e5 8. dxe5
Nxe5 9. Qd2 Nc4 10. Qe2+ Be6 11. Bxc6+ bxc6 12. Na3 Nxa3 13. bxa3 Bxa3 14. Qe5
O-O 15. Bxf6 Qxf6 16. Qxf6 gxf6 17. Rb1 Rab8 18. Rxb8 Rxb8 19. h5 Rb1+ 20. Kd2
Bc5 21. h6 Rxg1 0-1

[Event "Let's Play Chess!"]
[Site "http://www.queenalice.com/game.php?id=1604095"]
[Date "2020.3.25"]
[Round "-"]
[White "charles31"]
[Black "LouisLeRouge"]
[Result "0-1"]
[WhiteElo "1631"]
[BlackElo "2369"]

1. e4 d5 2. exd5 Qxd5 3. d4 Nf6 4. h3 e5 5. Nc3 Qxd4 6. Qxd4 exd4 7. Nce2 Bb4+
8. Bd2 Bxd2+ 9. Kxd2 Ne4+ 10. Ke1 c5 11. Nf4 O-O 12. Bd3 Nf6 13. Nge2 g5 14.
Bxh7+ Kxh7 15. Nd3 b6 16. Kd2 Nc6 17. g4 Ne4+ 18. Ke1 Re8 19. f3 Ng3 20. Rh2
Nxe2 21. Rxe2 Rxe2+ 22. Kxe2 Ba6 23. Kd2 Bxd3 24. Kxd3 Re8 25. Rf1 Ne5+ 26. Kd2
Kg6 27. f4 Nc4+ 28. Kc1 Re2 29. f5+ Kf6 30. b3 Ne3 31. Rh1 Rxc2+ 32. Kb1 d3 0-1

[Event "Let's Play Chess!"]
[Site "http://www.queenalice.com/game.php?id=1604096"]
[Date "2020.3.25"]
[Round "-"]
[White "LouisLeRouge"]
[Black "charles31"]
[Result "1-0"]
[WhiteElo "2368"]
[BlackElo "1637"]

1. e4 e5 2. Nf3 d6 3. Bc4 h6 4. d4 exd4 5. Nxd4 Nf6 6. Nc3 a6 7. O-O Bg4 8. Qd3
Bh5 9. f4 c5 10. Nf5 g6 11. e5 gxf5 12. exf6 Qxf6 13. Nd5 Qd8 14. Re1+ Kd7 15.
Qxf5+ Kc6 16. Qxh5 Qd7 17. Qf3 Qf5 18. Ne7+ 1-0

[Event "Challenge"]
[Site "http://www.queenalice.com/game.php?id=1604864"]
[Date "2020.3.29"]
[Round "-"]
[White "cavaliernoir"]
[Black "LouisLeRouge"]
[Result "0-1"]
[WhiteElo "1601"]
[BlackElo "2370"]

1. e4 c5 2. c4 Nc6 3. Nf3 e5 4. d3 d6 5. Be2 Be7 6. Nc3 f5 7. O-O f4 8. Nd5 Nf6
9. Nxe7 Qxe7 10. Nd2 Be6 11. Nb3 O-O-O 12. Bd2 b6 13. a3 g5 14. f3 Rdg8 15. Be1
Qg7 16. Rf2 h5 17. Bd2 g4 18. Qf1 g3 19. hxg3 fxg3 20. Kh1 Ng4 21. fxg4 hxg4+
22. Kg1 Rh1+ 23. Kxh1 Qh7+ 24. Kg1 Qh2# 0-1

[Event "Let's Play Chess!"]
[Site "http://www.queenalice.com/game.php?id=1605209"]
[Date "2020.4.1"]
[Round "-"]
[White "charles31"]
[Black "LouisLeRouge"]
[Result "0-1"]
[WhiteElo "1717"]
[BlackElo "2372"]

1. e4 c5 2. d4 cxd4 3. Qxd4 Nc6 4. Qd1 Nf6 5. Nc3 d6 6. h3 e6 7. Bd3 Be7 8. a3
O-O 9. Be3 a6 10. Nf3 b5 11. Qd2 Bb7 12. g4 d5 13. exd5 Nxd5 14. Nxd5 Qxd5 15.
O-O-O Qxf3 16. c3 Rad8 17. Qc2 Ne5 18. Bxh7+ Kh8 19. Bd4 Rxd4 20. cxd4 Rc8 21.
Qxc8+ Bxc8 22. Bc2 Nc4 23. Rdf1 Qf4+ 24. Kb1 Qxd4 25. Bb3 Qxb2# 0-1

[Event "Let's Play Chess!"]
[Site "http://www.queenalice.com/game.php?id=1605210"]
[Date "2020.4.1"]
[Round "-"]
[White "LouisLeRouge"]
[Black "charles31"]
[Result "1-0"]
[WhiteElo "2371"]
[BlackElo "1719"]

1. e4 e5 2. Nf3 d6 3. d4 exd4 4. Nxd4 h6 5. Nc3 a6 6. Be2 Bd7 7. O-O Nf6 8. f4
Nc6 9. Be3 Nxd4 10. Bxd4 Bc6 11. e5 Nd5 12. e6 Nxc3 13. exf7+ Kxf7 14. Bxc3 Be7
15. Bh5+ Kg8 16. Qg4 Qf8 17. Qe6+ 1-0

[Event "Let's Play Chess!"]
[Site "http://www.queenalice.com/game.php?id=1605783"]
[Date "2020.4.4"]
[Round "-"]
[White "LouisLeRouge"]
[Black "charles31"]
[Result "1-0"]
[WhiteElo "2373"]
[BlackElo "1626"]

1. e4 e5 2. Nf3 d6 3. Nc3 a6 4. Bc4 h6 5. O-O Nc6 6. d4 exd4 7. Nxd4 Nxd4 8.
Qxd4 Be6 9. Be3 Ne7 10. f4 Bxc4 11. Qxc4 c6 12. Rad1 Ng6 13. Bd4 Qc7 14. Nd5 Qd8
15. Nb6 c5 16. Qa4+ Ke7 17. Nd5+ 1-0

[Event "Let's Play Chess!"]
[Site "http://www.queenalice.com/game.php?id=1605784"]
[Date "2020.4.4"]
[Round "-"]
[White "charles31"]
[Black "LouisLeRouge"]
[Result "0-1"]
[WhiteElo "1624"]
[BlackElo "2374"]

1. d4 Nf6 2. Nc3 d5 3. h3 e6 4. Bg5 Nbd7 5. Nf3 h6 6. a3 hxg5 7. Nxg5 a6 8. e3
c5 9. dxc5 Bxc5 10. Be2 Qc7 11. Qd2 b5 12. Na2 Qe5 13. O-O-O Qxg5 14. Bf3 Ne5
15. Qe2 Nxf3 16. Qxf3 Ne4 17. g4 Nxf2 18. h4 Qxe3+ 19. Qxe3 Bxe3+ 0-1

[Event "Let's Play Chess!"]
[Site "http://www.queenalice.com/game.php?id=1606553"]
[Date "2020.4.8"]
[Round "-"]
[White "LouisLeRouge"]
[Black "paolop69"]
[Result "1-0"]
[WhiteElo "2377"]
[BlackElo "1696"]

1. e4 e5 2. Nf3 d6 3. Bc4 h6 4. d4 Nd7 5. dxe5 Nxe5 6. Nxe5 dxe5 7. Bxf7+ Ke7 8.
Qf3 Nf6 9. Bh5 Be6 10. O-O Bf7 11. Bxf7 Kxf7 12. Rd1 Qe7 13. Nc3 Kg8 14. Be3 c6
15. Qf5 Qf7 16. Qxe5 Ng4 17. Qg3 Qh5 18. Bd4 Rd8 19. h3 Bd6 20. hxg4 Bxg3 21.
gxh5 Bh4 22. g3 Bf6 23. Bxf6 Rxd1+ 24. Rxd1 gxf6 25. Rd8+ Kg7 26. Rd7+ Kg8 27.
Rxb7 a5 28. Rb8+ Kg7 29. Rxh8 1-0

[Event "Let's Play Chess!"]
[Site "http://www.queenalice.com/game.php?id=1606745"]
[Date "2020.4.9"]
[Round "-"]
[White "charles31"]
[Black "LouisLeRouge"]
[Result "0-1"]
[WhiteElo "1628"]
[BlackElo "2376"]

1. e4 e5 2. a3 Nf6 3. Nc3 d6 4. d4 exd4 5. Qxd4 Nc6 6. Bb5 Be7 7. Bxc6+ bxc6 8.
Bg5 h6 9. Bh4 O-O 10. Nge2 Bb7 11. f3 a5 12. h3 d5 13. exd5 cxd5 14. O-O-O c5
15. Qd2 d4 16. Na2 Re8 17. g4 Bxf3 18. Rdf1 Bxh1 19. Rxh1 Qd5 20. Qd1 Qxa2 21.
Nf4 Bd6 22. Nd3 c4 23. Bxf6 Qa1+ 24. Kd2 c3+ 25. bxc3 Bf4+ 26. Nxf4 Qxc3+ 27.
Kc1 Qxa3+ 28. Kd2 Qe3# 0-1

[Event "Let's Play Chess!"]
[Site "http://www.queenalice.com/game.php?id=1606746"]
[Date "2020.4.9"]
[Round "-"]
[White "LouisLeRouge"]
[Black "charles31"]
[Result "1-0"]
[WhiteElo "2375"]
[BlackElo "1661"]

1. e4 e5 2. f4 exf4 3. Nf3 h6 4. Nc3 g5 5. d4 d6 6. g3 fxg3 7. hxg3 Bg4 8. Bg2
f6 9. Qd3 Qd7 10. Nd5 c6 11. Ne3 Bh5 12. Rxh5 Na6 13. Bd2 O-O-O 14. Bh3 g4 15.
Bxg4 1-0

[Event "Let's Play Chess!"]
[Site "http://www.queenalice.com/game.php?id=1608536"]
[Date "2020.4.20"]
[Round "-"]
[White "charles31"]
[Black "LouisLeRouge"]
[Result "0-1"]
[WhiteElo "1664"]
[BlackElo "2379"]

1. e4 c5 2. d4 cxd4 3. Qxd4 Nc6 4. Qd1 Nf6 5. Nc3 d6 6. Bb5 e6 7. Bg5 Be7 8. Nh3
O-O 9. Qd2 h6 10. Bxf6 Bxf6 11. Bxc6 bxc6 12. f4 Rb8 13. b3 Qa5 0-1

[Event "Let's Play Chess!"]
[Site "http://www.queenalice.com/game.php?id=1608537"]
[Date "2020.4.20"]
[Round "-"]
[White "LouisLeRouge"]
[Black "charles31"]
[Result "1-0"]
[WhiteElo "2380"]
[BlackElo "1638"]

1. c4 e5 2. g3 d5 3. cxd5 Qxd5 4. Nf3 e4 5. Nc3 Qe6 6. Ng5 Qe5 7. Ngxe4 Bf5 8.
d4 Qe6 9. Bg2 Bb4 10. Qa4+ c6 11. Qxb4 Qe7 12. Nd6+ Kd7 13. Qxb7+ Kxd6 14. Bf4+
Ke6 15. Qxa8 Nh6 16. d5+ Kf6 17. O-O-O Rd8 18. dxc6 Rc8 19. Nd5+ Ke6 20. Nxe7
Kxe7 21. Qb7+ 1-0

[Event "Let's Play Chess!"]
[Site "http://www.queenalice.com/game.php?id=1608876"]
[Date "2020.4.22"]
[Round "-"]
[White "attib"]
[Black "LouisLeRouge"]
[Result "0-1"]
[WhiteElo "1680"]
[BlackElo "2382"]

1. e4 c6 2. d4 d5 3. e5 Bf5 4. Nf3 e6 5. Nc3 Nd7 6. Bg5 Qb6 7. Rb1 Bg4 8. Be2
Ne7 9. h3 Bxf3 10. Bxf3 Nf5 11. O-O Qxd4 12. Qxd4 Nxd4 13. Rbc1 Nxf3+ 14. gxf3
Nxe5 15. Kg2 Ng6 16. Rfe1 Bd6 17. Ne2 h6 18. Bh4 Nxh4+ 19. Kf1 Nxf3 20. Red1
O-O-O 21. Ng3 Bxg3 22. fxg3 e5 23. c4 d4 0-1

[Event "Let's Play Chess!"]
[Site "http://www.queenalice.com/game.php?id=1608877"]
[Date "2020.4.22"]
[Round "-"]
[White "LouisLeRouge"]
[Black "attib"]
[Result "1-0"]
[WhiteElo "2381"]
[BlackElo "1682"]

1. e4 e5 2. Nf3 Nc6 3. d4 Nxd4 4. Nxd4 exd4 5. Qxd4 d6 6. Be3 Nf6 7. Nc3 Bg4 8.
f3 Bh5 9. g4 Bg6 10. h4 h6 11. h5 Bh7 12. g5 hxg5 13. Bxg5 Be7 14. O-O-O c6 15.
e5 dxe5 16. Qxe5 Qb6 17. h6 g6 18. Bxf6 1-0

[Event "Let's Play Chess!"]
[Site "http://www.queenalice.com/game.php?id=1609065"]
[Date "2020.4.24"]
[Round "-"]
[White "paolop69"]
[Black "LouisLeRouge"]
[Result "0-1"]
[WhiteElo "1663"]
[BlackElo "2383"]

1. e4 d5 2. d3 dxe4 3. dxe4 Qxd1+ 4. Kxd1 Nc6 5. c3 e5 6. Be3 f5 7. f3 fxe4 8.
fxe4 Nf6 9. Bd3 Ng4 10. Ke2 Nxe3 11. Kxe3 Bc5+ 12. Ke2 Bg4+ 13. Kd2 Rf8 14. h3
Rf2+ 15. Ke1 Be6 16. b4 Bb6 17. g4 O-O-O 18. Bb5 Ne7 19. Ne2 c6 20. Ba4 Bc4 21.
Bd1 Rxd1+ 22. Kxd1 Bxe2+ 23. Kc1 Be3+ 24. Kb2 Bf3+ 25. Kb3 Bxh1 26. Na3 Bxe4 27.
Nc4 Bd5 28. Re1 Bf4 29. a4 b5 0-1

[Event "Let's Play Chess!"]
[Site "http://www.queenalice.com/game.php?id=1610331"]
[Date "2020.5.1"]
[Round "-"]
[White "paolop69"]
[Black "LouisLeRouge"]
[Result "0-1"]
[WhiteElo "1649"]
[BlackElo "2384"]

1. e4 c5 2. Bc4 e6 3. Nc3 a6 4. Nce2 d5 5. exd5 exd5 6. Bb3 c4 7. Ba4+ b5 8.
Bxb5+ axb5 9. Nd4 b4 10. Qe2+ Be7 11. b3 cxb3 12. cxb3 Ba6 13. d3 Qd7 14. Ngf3
Nf6 15. Ne5 Qc8 16. h3 Qc3+ 17. Qd2 Qxa1 18. O-O Qxd4 19. Nf3 Qxd3 20. Re1 Qxd2
21. Bxd2 Nc6 22. Ne5 Nxe5 23. Rxe5 Kd7 24. Bg5 Bb7 0-1

[Event "Let's Play Chess!"]
[Site "http://www.queenalice.com/game.php?id=1610346"]
[Date "2020.5.1"]
[Round "-"]
[White "LouisLeRouge"]
[Black "charles31"]
[Result "1-0"]
[WhiteElo "2386"]
[BlackElo "1638"]

1. c4 e5 2. g3 Nc6 3. Bg2 d6 4. Nc3 Nf6 5. d3 Bd7 6. e3 Bg4 7. Nge2 Bxe2 8. Qxe2
a6 9. O-O h6 10. f4 exf4 11. Rxf4 Qd7 12. b3 g5 13. Rxf6 Bg7 14. Nd5 O-O-O 15.
Bb2 Rde8 16. Raf1 Bxf6 17. Nxf6 Qe6 18. Nxe8 Rxe8 19. Be4 Ne7 20. Rf6 Ng8 21.
Rxe6 1-0

[Event "Let's Play Chess!"]
[Site "http://www.queenalice.com/game.php?id=1610363"]
[Date "2020.5.2"]
[Round "-"]
[White "charles31"]
[Black "LouisLeRouge"]
[Result "0-1"]
[WhiteElo "1640"]
[BlackElo "2385"]

1. e4 e5 2. d4 exd4 3. Qxd4 Nc6 4. Qd1 Nf6 5. Nc3 Bb4 6. Bd2 Bxc3 7. Bxc3 O-O 8.
h3 Nxe4 9. Qf3 Nxc3 10. Qxc3 Re8+ 11. Be2 d5 12. O-O-O Bf5 13. Bb5 d4 14. Qf3
Qg5+ 15. Kb1 Bxc2+ 16. Kxc2 Qxb5 17. Kb1 Rad8 18. Ne2 Rxe2 19. Rhe1 Qxb2# 0-1

[Event "Let's Play Chess!"]
[Site "http://www.queenalice.com/game.php?id=1611310"]
[Date "2020.5.8"]
[Round "-"]
[White "Bigchess"]
[Black "LouisLeRouge"]
[Result "0-1"]
[WhiteElo "1819"]
[BlackElo "2388"]

1. e4 c6 2. d4 d5 3. exd5 cxd5 4. Nf3 Bf5 5. Nc3 Nc6 6. Bb5 e6 7. Bxc6+ bxc6 8.
Ne5 Bd6 9. f4 Qh4+ 10. g3 Qh3 11. Qe2 Ne7 12. Be3 f6 13. Nf3 Bg4 14. Qf2 O-O 15.
O-O-O e5 16. dxe5 fxe5 17. Ng1 Qh5 18. Re1 d4 19. Ne4 dxe3 0-1

[Event "Let's Play Chess!"]
[Site "http://www.queenalice.com/game.php?id=1611311"]
[Date "2020.5.8"]
[Round "-"]
[White "LouisLeRouge"]
[Black "Bigchess"]
[Result "1-0"]
[WhiteElo "2387"]
[BlackElo "1821"]

1. c4 e5 2. g3 d5 3. cxd5 Nf6 4. Nc3 Be7 5. Bg2 O-O 6. Nf3 e4 7. Ng5 Nxd5 8.
Ngxe4 Nxc3 9. Nxc3 c6 10. d4 Na6 11. e4 Bf6 12. Be3 Bd7 13. O-O Nc7 14. Qb3 b5
15. Rad1 a5 16. Qc2 b4 17. Na4 Qc8 18. Nb6 Qd8 19. e5 Rb8 20. Nxd7 Qxd7 21. Bxc6
1-0